000 00445cam a2200181ua 4500
001 5239
008 120818n ii |||gr||||Z||||||eng
020 _a0-86131-013-6
040 _cMAIN
082 _a410
100 _aCameron, David,
_eAuthor,
245 1 1 _aMastering modern english
_cby David Cameron
250 _a1st.
260 _aHyderabad:
_bOrient longman ltd.,
_c1993.
300 _a195p:
_c23cm.
653 _aLinguistics
942 _cBK
999 _c4421
_d4421